00684nam a22001097a 4500008004100000100002000041245010600061260003400167300003400201520030500235773003400540260505b ||||| |||| 00| 0 eng d a Kumar, Nagesh  aIndustrialising with a dualistic structure, diverging regional patterns, and environmental challenges aEconomic & Political Weekly  a61(16), Apr 18, 2026: p.42-46 aThere has been an engaging debate in the country about the relevance of the manufacturing thrust for achieving the Vision 2047 of a developed and prosperous nation. –Reproduced https://www.epw.in/journal/2026/16/indias-industrial-transformation/industrialising-dualistic-structure-diverging.html  aEconomic & Political Weekly